000 00523nam a2200157 a 4500
001 000020216
005 20200929170322.0
008 100728s1980 sp 000 0 spa d
020 _a8400045971
040 _aDO-SdBNP
_bspa
_cBNPHU
082 _axxx
_bH673
245 0 0 _aHispanoamérica hacia 1776 :
_b(actas de la mesa real sobre América Hispana en 1776).
260 _aMadrid :
_bInstituto Gonzalo Fernández de Oviedo :
_bInstituto de Cooperación Iberoaméricana,
_c1980.
300 _a265 p. ;
_c23 cm.
049 _aBNPD
999 _c19721
_d19721